00729nam a22001817a 4500020001800000041000800018082001600026100002000042245005400062260002300116300000800139650004800147942000700195952011000202952010900312952010900421999001700530 a9788184656497 aENG a261.27bEDW aEdwin, Joseph V aSEEKING COMMUNION : a collection of conversations aDelhibISPCKc2018 a181 aMuslimsaInterfaith relationsaChristianity cBK 00104070aHMIbHMIcGENd2020-06-11eISPCKg250.00l0o261.27 EDWp11004384r2026-01-16w2026-01-16yBK 00104070aHMIbHMIcGENd2020-06-11eISPCKg250.00l0o261.27 EDWp11-4385r2020-06-11w2020-06-11yBK 00104070aHMIbHMIcGENd2020-06-11eISPCKg250.00l0o261.27 EDWp11-4386r2020-06-11w2020-06-11yBK c22960d22960